Métropoles / Villes dans le monde avec Plus de 10 millions D'habitants - Statistiques

Statistiques générales
  • Ce quiz a été pris 41 fois
  • Le résultat moyen est 17 sur 33
Statistiques - réponses
Habitants Ville % Correct
37 468 000 Tokyo
97%
18 819 000 New York
89%
10 901 000 Paris
89%
12 458 000 Los Angeles
80%
21 581 000 Mexico
80%
19 618 000 Pékin / Beijing
77%
12 410 000 Moscou
74%
13 293 000 Rio de Janeiro
71%
19 980 000 Bombay Mumbai
69%
20 076 000 Le Caire
69%
21 650 000 Sao Paulo
69%
14 967 000 Buenos Aires
66%
10 517 000 Jakarta
63%
14 751 000 Istanbul
54%
13 482 000 Manille
54%
19 281 000 Osaka
54%
13 463 000 Lagos
51%
24 870 895 Shangaï
49%
10 156 000 Bangkok
46%
19 578 000 Dacca
46%
15 333 000 Calcutta
43%
10 391 000 Lima
43%
12 638 000 Canton
40%
10 574 000 Bogota
37%
15 400 000 Karachi
34%
13 171 000 Kinshasa
34%
14 838 000 Chongqing
29%
28 514 000 New Dehli
29%
11 738 000 Lahore
23%
11 908 000 Shenzhen
23%
11 440 000 Bangalore
20%
13 215 000 Tianjin
14%
10 456 000 Madras
0%
Aucun quiz correspondant
Distribution des résultats
% des personnes avec chaque résultat
Percentile par nombre de réponses
Votre historique - résultats
Vous n’avez pas pris ce quiz